Top 10 des communes de France par lettre - O - Statistiques

Statistiques générales
  • Ce quiz a été pris 114 fois
  • Le résultat moyen est 3 sur 10
Statistiques - réponses
Région Population Commune % Correct
Centre-Val de Loire 116.344 Orléans
97%
Provence-Alpes-Côte-d'Azur 29.357 Orange
70%
Auvergne-Rhône-Alpes 22.378 Oyonnax
42%
Île-de-France 24.488 Orly
38%
Auvergne-Rhône-Alpes 37.928 Oullins-Pierre-Bénite
29%
Pays de la Loire 28.341 Orvault
26%
Centre-Val de Loire 22.988 Olivet
19%
Île-de-France 17.471 Osny
9%
Île-de-France 20.969 Ozoir-la-Ferrière
7%
Pays de la Loire 16.975 Orée d'Anjou
5%
Aucun quiz correspondant
Distribution des résultats
% des personnes avec chaque résultat
Percentile par nombre de réponses
Votre historique - résultats
Vous n’avez pas pris ce quiz